| 000 | 00456nam a2200145Ia 4500 | ||
|---|---|---|---|
| 008 | 170221s9999 xx 000 0 und d | ||
| 100 | _aFuziah Shaffie | ||
| 245 | _aEarly Child Welfare Policy and Services in Colonial Malaya | ||
| 245 | _cFuziah Shaffie | ||
| 260 | _bInternational Review of Management and Marketing | ||
| 260 | _c2012 | ||
| 300 | _a2 : 1 | ||
| 650 | _xMarketing. | ||
| 856 | _uhttp://www.econjournals.com/index.php/irmm/issue/view/97 | ||
| 999 |
_c313905 _d313905 |
||